The Most Impossible Quiz you will ever take - Statistics

General Stats
  • This quiz has been taken 12 times
  • The average score is 2 of 8
Answer Stats
Hint Answer % Correct
What is 100 squared? 10000
57%
The answer is false true
57%
the meaning of life and the universe and everything 42
43%
2 + 2 fish
43%
1 + 1 six
14%
I am not lying. THE ANSWER IS ANSWER answer
0%
Is this possible? nope
0%
69 yup
0%
No matching quizzes found
Score Distribution
Percent of People with Each Score
Percentile by Number Answered
Your Score History
You have not taken this quiz